<?xml version="1.0" encoding="UTF-8"?>
<marc:record xmlns:marc="http://www.loc.gov/MARC21/slim">
   <marc:leader>00000nam a2200000 a 4500</marc:leader>
   <marc:datafield ind1="1" ind2=" " tag="100">
      <marc:subfield code="a">Nöbauer, Christina</marc:subfield>
      <marc:subfield code="4">aut</marc:subfield>
      <marc:subfield code="e">Verfasser/-in</marc:subfield>
   </marc:datafield>
   <marc:datafield ind1=" " ind2=" " tag="653">
      <marc:subfield code="a">Nationalsozialismus</marc:subfield>
   </marc:datafield>
   <marc:datafield ind1=" " ind2=" " tag="653">
      <marc:subfield code="a">Pinzgau</marc:subfield>
   </marc:datafield>
   <marc:datafield ind1=" " ind2=" " tag="653">
      <marc:subfield code="a">Behinderung</marc:subfield>
   </marc:datafield>
   <marc:datafield ind1=" " ind2=" " tag="653">
      <marc:subfield code="a">Vergangenheitsbewältigung</marc:subfield>
   </marc:datafield>
   <marc:datafield ind1="0" ind2="0" tag="245">
      <marc:subfield code="a">Opfer der Zeit</marc:subfield>
   </marc:datafield>
   <marc:datafield ind1="0" ind2="0" tag="245">
      <marc:subfield code="b">Über das Schicksal ehemaliger BewohnerInnen der Caritas-Anstalt St. Anton in der Zeit des Nationalsozialismus</marc:subfield>
   </marc:datafield>
   <marc:datafield ind1=" " ind2="1" tag="264">
      <marc:subfield code="c">2016</marc:subfield>
   </marc:datafield>
   <marc:datafield ind1="1" ind2=" " tag="520">
      <marc:subfield code="a">Klappentext: Im Zuge der nationalsozialistischen "Gesundheitspolitik" wurden Hunderttausende Menschen Opfer von Zwangssterilisation und gezielter Tötung. Auch BewohnerInnen der Caritas-Anstalt St. Anton im Salzburger Pinzgau waren von dieser grausamen Politik betroffen. Die vorliegende Publikation widmet sich den Schicksalen dieser Menschen, ist Zeitzeugnis und Gedenkprojekt zugleich und arbeitet eines der dunkelsten Themen der jüngeren Geschichte auf. Die Autorin liefert umfassende Informationen zur Verfolgung "lebensunwürdiger" Menschen im Nationalsozialismus und zeigt, wie diese tödliche Maschinerie arbeitete. Zudem wird die Geschichte der Caritas-Anstalt St. Anton beleuchtet und Auskunft über das Schicksal der BewohnerInnen zur Zeit des Nationalsozialismus gegeben. Mit der exemplarischen Darstellung dieser Einrichtung zeichnet Christina Nöbauer ein erschreckendes Bild der NS-Verfolgungspolitik, das durch die Nachverfolgung von Einzelschicksalen umso deutlicher wird.  Über den Autor und weitere Mitwirkende Christina Nöbauer, 1948 im oberösterreichischen Hausruckviertel geboren, 1969 bis 1982 als Dipl. Sozialarbeiterin in der Jugendwohlfahrt, von 1982 bis 2008 als Dipl. Erwachsenenbildnerin in der regionalen Kultur- und Bildungsarbeit mit Erwachsenen im Salzburger Pinzgau berufstätig.</marc:subfield>
   </marc:datafield>
   <marc:datafield ind1=" " ind2=" " tag="020">
      <marc:subfield code="a">9783706555104</marc:subfield>
      <marc:subfield code="9">9783706555104</marc:subfield>
   </marc:datafield>
</marc:record>
